000 00474nam a2200169 i 4500
001 34405
003 ES-MaACL
005 20230906154928.0
007 t|
008 030207s1972 sp ||||1| spa d
100 1 _aBlancpain, Marc.
_929312
245 1 0 _aMar sosegada /
_cMarc Blancpain ; [traducción de Jaime Echanove].
260 _aMadrid :
_bSala,
_c[1972]
300 _a238 p. ;
_c20 cm.
700 1 _aEchanove, Jaime.
_946492
852 _aES-MaACL
_jC-49511
_bR.83532
999 _c34405
_d34405